000 00559nai a2200169Ia 4500
003 IN-BaIIA
008 211028c9999 xx s 000 0 eng d
022 _a0956-7151 (Online)
040 _cIIA Library
245 0 _aActa Metallurgica et Materialia
_h[eJournal]
260 _aOxford, U.K
_bPergamon
310 _aMonthly
362 _a43(1); 1995 - 43(12); 1995
521 _bSubscribed through National Knowledge Resource Consortium (NKRC)
856 _uhttps://www.sciencedirect.com/science/journal/09567151
_yClick Here to Access eJournal
942 _cEJ
999 _c33948
_d33948